000 00905cam a22002897i 4500
020 _a0415414490 (hb)
020 _a9780415414494 (hb)
040 _cDLC
082 0 4 _a333 INT 1999 C152 Or.
245 0 0 _aLand, poverty and livelihoods in an era of globalization :
_bperspectives from developing and transition countries /
300 _axxi, 414 pages :
_billustrations, maps ;
_c25 cm.
490 1 _aRoutledge ISS studies in rural livelihoods ;
650 0 _aLand reform
650 0 _aRural poor
650 0 _aLand use, Rural
650 7 _aLand reform.
650 7 _aLand use, Rural.
650 7 _aRural poor.
650 1 7 _aGrondpolitiek.
650 1 7 _aArmoede.
650 1 7 _aBestrijding.
700 1 _aAkram-Lodhi, A. Haroon,
700 1 _aBorras, Saturnino M.
700 1 _aKay, Cristóbal.
856 4 1 _uhttp://catdir.loc.gov/catdir/toc/ecip0617/2006022004.html
942 _cAEDBB
999 _c18774
_d18774